000 00469nam a22001577a 4500
005 20250120100551.0
008 250120b |||||||| |||| 00| 0 eng d
020 _a9780706987454
050 _aHF5625 KOT
100 _aKothari C. R.
245 _aQuantitative Techniques
_cC. R. Kothari
250 _a3rd Revised Ed.
260 _aNew Delhi
_bVikas Publishing House PVT LTD
_c1984
300 _axv. 596p.
_bill.
_c21.5 cm x 14.5 cm
942 _2lcc
_cBK
_e3rd Revised Ed.
_n0
999 _c2704
_d2704